| 000 | 00491nam a2200181Ia 4500 | ||
|---|---|---|---|
| 999 |
_c29922 _d29922 |
||
| 003 | OSt | ||
| 005 | 20210107110805.0 | ||
| 008 | 190216s9999||||xx |||||||||||||| ||und|| | ||
| 020 | _a9788126428694 | ||
| 040 | _coclc | ||
| 082 |
_a894.812301 _bMEN/K |
||
| 100 |
_aMenon, Indu _98122 |
||
| 245 | 0 |
_aKathakal / _cIndu Menon |
|
| 260 |
_bDc Books, _c2012. _aKottayam: |
||
| 300 | _a240p | ||
| 650 | _aKathakal | ||
| 942 |
_cBK _2ddc _h894.812301 _iMEN/K _k894.812301 _mMEN/K |
||